|
|
|
|
| LEADER |
00000nab a2200000 ar4500 |
| 001 |
vtls009007636 |
| 003 |
SK-MaSNL |
| 005 |
20260303065452.0 |
| 008 |
070711c20070707xo mr|p|||||||000 b|slo |
| 015 |
|
|
|a SNKBUCL2007/07
|2 snkbucl
|
| 038 |
|
|
|a SNKBUCL
|
| 040 |
|
|
|a SNKBUCL
|b slo
|c SNKBUCL
|e AACR2
|
| 041 |
0 |
|
|a slo
|
| 044 |
|
|
|a xo
|c SK
|
| 080 |
|
|
|a 796.322.093.1
|x (4)
|2 2001
|
| 245 |
0 |
0 |
|a Slovenky až o 9.-12. miesto
|
| 300 |
|
|
|b Tab.
|
| 611 |
2 |
7 |
|a Majstrovstvá Európy hádzanárok do 18 rokov
|d (2007 :
|c Nový Sad, Srbsko)
|2 snkbucl
|9 1065561
|
| 650 |
0 |
7 |
|a hádzaná
|2 snkbucl
|9 3292
|
| 650 |
0 |
7 |
|a hráčky do 18 rokov
|2 snkbucl
|9 1049641
|
| 773 |
0 |
|
|t Šport
|g Roč. 61, č. 155 (7.7.2007), s. 30
|x 0139-7001
|
| 852 |
|
|
|a SNK
|b KIS3GCP
|
| 999 |
|
|
|c 1751296
|d 1753226
|